00596nam a2200169Ia 450000500170000000800410001702000180005808200190007610000170009524500690011226000660018130000120024750000510025994200060031095200950031699900150041120250306060234.0240331s9999 xx 000 0 und d a9789550811014 bRAJ26702a920 aRajadurai, A 0aNinaivup Peruveli:bOru Penn Pathirikkaiyalarin Manap Pathivukal aColombo,bExpress Newspapers (Ceylon) (Private) Limitedc2011 a264 p., aThe mental impressions of a female journalist. cL 001040708LaWERCLbWERCLcSSCd2024-03-31l0o 920 RAJp6702r2024-03-31w2024-03-31yL c5739d5739